1028 1508 1553 1960 1042 1155 1411 1630 1365 1162 1557 1289 1252 1709 1537 1600 1884 1289 1897 1229 1134 1728 1052 1817 1694 1789 1733 1155 1390 1860 1911 1491 1566 1229 1028 1403 1845 1707 1488 1314 1502 1432 1182 1220 1451 1498 1539 1155 1770 1569 1844 1960 1101 1585 1190 1772 1002 1928 1791 1757 1227 1603 1244 1871 1142 1812 1411 1675 1438 1102 1159 1320 1077 1347 1395 1109 1358 1388 1470 1617 1699 1598 1199 1622 1532 1266 1599 1854 1834 1544 1305 1851 1366 1266 1497 1448 1311 1304 1319 BCNSPRNW ULIB Ver.6.0+V

เปลี่ยนเป็นภาษาไทย

Change to English
 แสดงรายละเอียดบรรณานุกรม
  กลับหน้าหลัก

Brief Record : Get Marc (ISO 2709) : E-mail record : QR code < ปิดหน้าต่าง
LEADER : 00000nam 2200000uu 4500
001    13399112251
003     ULIB
008    110802s2554||||th 000 0 tha d
020    9786162190421
090    นว.^bป526ห 2554
100 0  ปัณณรี
245 00 หัวใจรั้นรัก/^cปัณณรี
260    กรุงเทพฯ:^bอรุณ อ่นใจรัก, ^c2554.
300    243 หน้า
945    ^p195^l0^i18469
995    เกษร
999 ^a ใช้งานได้ทุกระบบ
รายการนี้ยังไม่มีแท็ก
คุณยังไม่ได้ล็อกอิน คุณสามารถมีกิจกรรมร่วมกับเว็บไซต์ได้ แต่ต้องล็อกอินก่อน ::
  ล็อกอิน

รายการสื่อสารสนเทศ

ลำดับที่ ประเภท เลขเรียก/บาร์โค้ด สถานที่ สถานะ
1. นวนิยาย
นวนิยาย
นว. ป526ห 2554  
  Barcode: 18469
ห้องสมุดวิทยาเขตสวรรค์ประชารักษ์
►นวนิยาย
บนชั้น
  ขอยืม

BibComment


ยังไม่เคยถูกคอมเมนท์

คอมเมนท์ทรัพยากรรายการนี้
  คอมเมนท์: หัวใจรั้นรัก ปัณณรี


 Copyright 2026. Bcnsprnw @Library